000 00845nas a2200289 4500
001 BR0405001
003 BR-BrBNA
005 20231205104917.0
007 ta
008 230509b bl.|||p| |||| 00| 00por d
040 _aBR-BrBNA
_bpor
_cBiblioteca Nacional de Agricultura
041 _a(Pt)
072 _aF02
100 1 _aAraújo, A.G. de
100 1 _aFiorini, C.V.A.
100 1 _aPasqual, M.
100 1 _aSilva, A.B. da
100 1 _aVilla, F.
245 1 _aMultiplicação in vitro de gloxínia (Sinningia speciosa Lood. Hiern.)
650 _aGLOXÍNIA
650 _aCULTURA IN VITRO
650 _aSACAROSE
650 _aREGULADOR DE CRESCIMENTO
773 0 _tRevista Ceres (Brazil)
_xISSN 0034-737X
_g(Jan-Feb 2004), v. 51(293) p. 117-127
_wBR0405001
909 _a202311
_bLúcia
_c55
_dLúcia Elande
942 _2AGRIS
_n0
_cANA
999 _c180254
_d180254